书目信息 |
| 题名: |
葛兰西
|
|
| 作者: | 张羽佳 著 | |
| 分册: | ||
| 出版信息: | 西安 陕西师范大学出版总社 2017 |
|
| 页数: | 152页 | |
| 开本: | 24cm | |
| 丛书名: | ||
| 单 册: | ||
| 中图分类: | B546 | |
| 科图分类: | ||
| 主题词: | ||
| 电子资源: | ||
| ISBN: | 978-7-5613-7669-0 | |
| 000 | 01069nam0 2200229 450 | |
| 001 | 3657 | |
| 005 | 20180527173529.49 | |
| 010 | @a978-7-5613-7669-0@dCNY20.00 | |
| 100 | @a20170619d2017 em y0chiy50 ea | |
| 101 | 0 | @achi |
| 102 | @aCN@b610000 | |
| 105 | @ay z 000yb | |
| 200 | 1 | @a葛兰西@9ge lan xi@dGramsci@zeng@f张羽佳著 |
| 210 | @a西安@c陕西师范大学出版总社@d2017 | |
| 215 | @a152页@d24cm | |
| 330 | @a本书内容:安东尼奥·葛兰西,意大利共产党领袖,马克思主义理论家。1926年,因反对墨索里尼在意大利的法西斯统治而被捕,开始长达11年的牢狱生活。虽然身陷囹圄,仍然写下32本《狱中札记》,涉及哲学、政治、文化诸领域,是意大利现代思想史上的重要著作。在札记中,他用“实践哲学”指称马克思主义,并根据意大利共产主义运动的实际经验,创造性地提出“文化霸权”“运动战与阵地战”“有机知识分子”等概念,丰富了马克思主义理论体系,为后者提供了巨大的诠释空间。 | |
| 510 | 1 | @aGramsci@zeng |
| 600 | 0 | @a葛兰西@c(Gramsci, Antonio@f1891-1937)@x传记 |
| 690 | @aB546@v5 | |
| 701 | 0 | @a张羽佳@9zhang yu jia@f(1975-)@4著 |
| 801 | 0 | @aCN@b91MARC@c20170619 |
| 905 | @aMuseLib@dB546@e90 | |
| 葛兰西=Gramsci/张羽佳著.-西安:陕西师范大学出版总社,2017 |
| 152页;24cm |
| ISBN 978-7-5613-7669-0:CNY20.00 |
| 本书内容:安东尼奥·葛兰西,意大利共产党领袖,马克思主义理论家。1926年,因反对墨索里尼在意大利的法西斯统治而被捕,开始长达11年的牢狱生活。虽然身陷囹圄,仍然写下32本《狱中札记》,涉及哲学、政治、文化诸领域,是意大利现代思想史上的重要著作。在札记中,他用“实践哲学”指称马克思主义,并根据意大利共产主义运动的实际经验,创造性地提出“文化霸权”“运动战与阵地战”“有机知识分子”等概念,丰富了马克思主义理论体系,为后者提供了巨大的诠释空间。 |
| ● |
| 相关链接 |
|
|
|
|
正题名:葛兰西
索取号:B546/90
 
预约/预借
| 序号 | 登录号 | 条形码 | 馆藏地/架位号 | 状态 | 备注 |
| 1 | 1110096 | 211100967 | 第一样本阅览室/ [索取号:B546/90] | 在馆 | |
| 2 | 1110097 | 211100976 | 教育系资料室/ [索取号:B546/90] | 在馆 | |
| 3 | 1110098 | 211100985 | 教育系资料室/ [索取号:B546/90] | 在馆 | |
| 4 | 1110099 | 211100994 | 第一借阅区/ [索取号:B546/90] | 在馆 |